| 000 | 00673nam a2200229 a 4500 | ||
|---|---|---|---|
| 005 | 20240831063708.0 | ||
| 008 | 070907s2001 es r 000 0 spa d | ||
| 020 | _a8439206097 | ||
| 035 | _aUPN01000151757 | ||
| 049 | _aI | ||
| 050 | 4 |
_aPZ76.3 _bM6.6 |
|
| 100 | 1 |
_aMonreal, Violeta, _d1963- _929361 |
|
| 245 | 1 | 3 |
_aUn perro en el parque / _cVioleta Monreal. |
| 260 |
_aMadrid : _bGaviota, _c2001. |
||
| 300 |
_a[14] p. : _bprincipalmente il. col. |
||
| 440 | 4 | _aLos gemelos | |
| 650 | 4 |
_aCuentos infantiles espaƱoles _97725 |
|
| 650 | 0 |
_aAnimales _vCuentos y leyendas _9234 |
|
| 650 | 0 |
_aPerros _vCuentos y leyendas _98586 |
|
| 905 | _aInfantil | ||
| 999 |
_c123893 _d123893 |
||